Exportation of catfish fillet of lian heng trading Co, LTD, ការនាំចេញនូវត្រីប្រាហ្វីឡេទៅទីផ្សារអន្ដរជាតិរបស់ក្រុមហ៊ុនលាន ហេង (Record no. 4041)
[ view plain ]
| 000 -LEADER | |
|---|---|
| fixed length control field | 00609nam a22001577a 4500 |
| 003 - CONTROL NUMBER IDENTIFIER | |
| control field | OSt |
| 005 - DATE AND TIME OF LATEST TRANSACTION | |
| control field | 20151208142450.0 |
| 008 - FIXED-LENGTH DATA ELEMENTS--GENERAL INFORMATION | |
| fixed length control field | 151205b xxu||||| |||| 00| 0 eng d |
| 040 ## - CATALOGING SOURCE | |
| Transcribing agency | RUA |
| 082 ## - DEWEY DECIMAL CLASSIFICATION NUMBER | |
| Classification number | FIS UN 2003 B187 Or.1 |
| 100 ## - MAIN ENTRY--PERSONAL NAME | |
| 9 (RLIN) | 4328 |
| Personal name | UN, VENG. |
| 245 ## - TITLE STATEMENT | |
| Title | Exportation of catfish fillet of lian heng trading Co, LTD, ការនាំចេញនូវត្រីប្រាហ្វីឡេទៅទីផ្សារអន្ដរជាតិរបស់ក្រុមហ៊ុនលាន ហេង |
| 260 ## - PUBLICATION, DISTRIBUTION, ETC. (IMPRINT) | |
| Place of publication, distribution, etc. | Phnom Penh |
| Name of publisher, distributor, etc. | RUA |
| Date of publication, distribution, etc. | 2003 |
| 300 ## - PHYSICAL DESCRIPTION | |
| Extent | 66p. |
| Other physical details | ill. |
| Dimensions | 29cm. |
| 942 ## - ADDED ENTRY ELEMENTS (KOHA) | |
| Source of classification or shelving scheme | |
| Koha item type | FIS |
| Price effective from | Date last seen | Permanent Location | Not for loan | Date acquired | Source of classification or shelving scheme | Koha item type | Barcode | Lost status | Damaged status | Shelving location | Withdrawn status | Current Location | Full call number |
|---|---|---|---|---|---|---|---|---|---|---|---|---|---|
| 2015-12-05 | 2015-12-05 | Library Block B | 2015-12-05 | FIS | RUA026965 | B187 | Library Block B | FIS UN 2003 B187 Or.1 | |||||
| 2015-12-05 | 2015-12-05 | Library Block B | 2015-12-05 | FIS | RUA037707 | B187 | Library Block B | FIS UN 2003 B187 Or.2 | |||||
| 2015-12-05 | 2015-12-05 | Library Block B | 2015-12-05 | FIS | RUA037698 | B187 | Library Block B | FIS UN 2003 B187 Or.3 | |||||
| 2015-12-05 | 2015-12-05 | Library Block B | 2015-12-05 | FIS | RUA037470 | B187 | Library Block B | FIS UN 2003 B187 Or.4 | |||||
| 2015-12-05 | 2015-12-05 | Library Block B | 2015-12-05 | FIS | RUA035282 | B187 | Library Block B | FIS UN 2003 B187 Or.5 | |||||
| 2015-12-05 | 2015-12-05 | Library Block B | 2015-12-05 | FIS | RUA036910 | B187 | Library Block B | FIS UN 2003 B187 Or.7 | |||||
| 2015-12-05 | 2015-12-05 | Library Block B | 2015-12-05 | FIS | RUA037706 | B187 | Library Block B | FIS UN 2003 B187 Or.8 | |||||
| 2015-12-05 | 2015-12-05 | Library Block B | 2015-12-05 | FIS | RUA035259 | B187 | Library Block B | FIS UN 2003 B187 Or.9 |